Colapso. Por qué unas sociedades perduran y otras desaparecen
Uloženo v:
| Hlavní autor: | |
|---|---|
| Další autoři: | |
| Médium: | Kniha |
| Jazyk: | španělština |
| Vydáno: |
Barcelona, España:
Debate
2012
|
| Vydání: | Primera edición con epílogo del autor. |
| Témata: | |
| Tagy: |
Přidat tag
Žádné tagy, Buďte první, kdo vytvoří štítek k tomuto záznamu!
|
MARC
| LEADER | 00000nam a2200000 a 4500 | ||
|---|---|---|---|
| 001 | UCH4464 | ||
| 003 | CL-VaPUC | ||
| 005 | 20230612135657.0 | ||
| 008 | 090820e20120000SP |||||||||||||||||spa|d | ||
| 999 | |c 435650 |d 435648 | ||
| 020 | |a 978-84-9992-267-X | ||
| 040 | |c Pontificia Universidad Católica de Valparaíso | ||
| 082 | 0 | 4 | |a 901 DIA 2012 |2 21 |
| 100 | 0 | |a Diamond, Jared |e autor |9 539988 | |
| 245 | 1 | 0 | |a Colapso. |b Por qué unas sociedades perduran y otras desaparecen |
| 250 | |a Primera edición con epílogo del autor. | ||
| 260 | |a Barcelona, España: |b Debate |c 2012 | ||
| 300 | |a 764 páginas | ||
| 583 | |a last modification |c 20090820 00:00:00 |k Cristina María Rojas Aguilar | ||
| 650 | 0 | |a Teoría de la historia |9 317951 | |
| 650 | 0 | |a Historiografía |9 257871 | |
| 650 | 0 | |a Historia antigua |9 267521 | |
| 650 | 0 | |a Historia moderna |9 268036 | |
| 700 | |a García Pérez, Ricardo |e traducción |9 869389 | ||
| 942 | |c BK |2 ddc | ||
| 952 | |0 0 |1 0 |2 ddc |4 0 |6 901_000000000000000_DIA_2012 |7 1 |8 C_AGB |9 583128 |a BIBDER |b BIBDER |c GEN |d 2022-05-18 |i 5651296 |l 1 |o 901 DIA 2012 |p 5651296 |r 2024-06-12 |s 2024-06-12 |t 1 |w 2022-05-18 |y BK_US |k AGB | ||